Pronásledování a zavraždění Jeana Paula Marata předvedené divadelním souborem blázince v Chharentounu za řízení markýze de Sada drama o dvou dějstvích

Bibliographic Details
Main Author: Weiss, Peter, 1916-1982 (Author)
Other Authors: Kundera, Ludvík, 1920-2010 (Translator)
Format: Book
Language:Czech
German
PhysicalDescription:141 s.
Published: Praha Dilia 1958
Subjects:

MARC

LEADER 00000cam a2200000 a 4500
001 vtls001448679
003 SK-MaSNL
005 20260302072927.0
008 240315s1958 xr 0000d cze
035 |a SNK000403944 
040 |a SNK  |b slo  |c SNK  |e AACR2 
041 1 |a cze  |h ger 
044 |a xr  |c CZ 
080 |a 830-21:792.071.2(43)  |2 1981 
100 1 |a Weiss, Peter,  |d 1916-1982  |4 aut  |9 65986 
240 1 4 |a Die Verfolgung und Ermordung Jean Paul Marats dargestellt durch die Schauspielgruppe des Hospizes zu Charenton unter Anleitung des Herrn de Sade  |l Česky 
245 1 0 |a Pronásledování a zavraždění Jeana Paula Marata předvedené divadelním souborem blázince v Chharentounu za řízení markýze de Sada  |b drama o dvou dějstvích  |c Peter Weiss ; přeložil Ludvík Kundera 
260 |a Praha  |b Dilia  |c 1958 
300 |a 141 s. 
600 1 7 |a Marat, Jean-Paul,  |d 1743-1793  |2 SNKMA  |9 347704 
600 1 7 |a Sade, Donatien Alphonse François de,  |d 1740-1814  |2 SNKMA  |9 165275 
655 7 |a nemecké drámy  |2 SNKPH  |9 79399 
700 1 |a Kundera, Ludvík,  |d 1920-2010  |4 trl  |9 227511 
958 |a LX 
958 |a UP 
958 |a DE 
999 |c 1158717  |d 1160647 
952 |t P60, <04>, [BOOK], {604}  |a SNK  |b SNK  |y VYP  |7 0  |p 17A0370705  |o snkID 39099  |0 0  |1 0  |4 0  |d 2003-01-29  |l 0  |r 2005-01-02 00:00:00  |w 2026-02-24